Statistics for South America Map Quiz

Click here to take the quiz!

General Stats

  • This quiz has been taken 21 times
  • The average score is 10 of 12

Answers on the Map

Answers color-coded by a green-red scale on the quiz's map according to % correct below.
 

Answer Stats

Answer% Correct
Argentina
94%
Brazil
94%
Chile
94%
Bolivia
88%
Peru
88%
Suriname
88%
Uruguay
88%
Venezuela
88%
Colombia
81%
Ecuador
81%
Guyana
69%
Paraguay
69%

Score Distribution

Percentile by Number Answered

Percent of People with Each Score

Your Score History

You have not taken this quiz